Statistics for [路線図付き] 京王電鉄 井の頭線 駅名穴埋めクイズ

Click here to take the quiz!

General Stats

  • This quiz has been taken 350 times
  • The average score is 13 of 17

Answers on the Map

Answers color-coded by a green-red scale on the quiz's map according to % correct below.
 

Answer Stats

Answer% Correct
井の頭線IN01渋谷
98%
井の頭線IN17吉祥寺
95%
井の頭線IN08明大前
94%
井の頭線IN05下北沢
92%
井の頭線IN16井の頭公園
88%
井の頭線IN02神泉
87%
井の頭線IN03駒場東大前
85%
井の頭線IN09永福町
84%
井の頭線IN14久我山
75%
井の頭線IN10西永福
73%
井の頭線IN15三鷹台
67%
井の頭線IN07東松原
66%
井の頭線IN04池ノ上
66%
井の頭線IN12高井戸
65%
井の頭線IN11浜田山
65%
井の頭線IN06新代田
65%
井の頭線IN13富士見ヶ丘
62%

Score Distribution

Percentile by Number Answered

Percent of People with Each Score

Your Score History

You have not taken this quiz